000 00295nam a22001337a 4500
008 180912b xxu||||| |||| 00| 0 eng d
020 _a9789535104728
041 _aeng
080 _a615
100 _a5
101 _aFAR
245 _aAntibiotic Resistant Bacteria
_cPana, M
942 _2udc
_cBK
999 _c47719
_d47719